Najpopularniejsze lotniska Świata - Statystyki

Ogólne statystyki
  • Ten quiz został rozwiązany 226 razy
  • Średni wynik to 10 z 20
Statystyki odpowiedzi
lp. Pasażerowie Nazwa % Poprawnych
7 78 014 183 Londyn
89%
10 69 471 442 Paryż
86%
5 84 557 968 Los Angeles
79%
2 95 786 442 Pekin
78%
4 85 408 975 Tokio
76%
14 64 500 386 Frankfurt
65%
3 88 242 099 Dubaj
64%
1 103 902 922 Atlanta
60%
6 79 828 183 Chicago
60%
15 63 872 283 Stambuł
49%
9 70 001 237 Szanghaj
48%
18 62 220 000 Singapur
46%
16 63 451 503 Nowe Delhi
45%
11 68 515 425 Amsterdam
42%
19 62 157 834 Seul
40%
8 72 663 955 Hongkong
39%
17 63 015 620 Dżakarta
28%
12 67 092 194 Dallas
24%
20 61 379 396 Denver
12%
13 65 887 473 Guangzhou
3%
Nie znaleziono quizów pasujących do podanych kryteriów
Rozkład punktacji
Procent ludzi z każdym wynikiem
Percentyl według liczby udzielonych odpowiedzi
Twoja historia wyników
Nie rozwiązałeś tego quizu